| 000 | 00810nam a22001937a 4500 | ||
|---|---|---|---|
| 005 | 20241005111507.0 | ||
| 008 | 240628b ||||| |||| 00| 0 eng d | ||
| 040 | _cSSBUL | ||
| 041 | _aMyanmar | ||
| 082 |
_223 _a၂၉၄.၃၀၉၂ သု _b၉၁၇၂ S-SAT |
||
| 100 | 0 | _aသုခ | |
| 245 | 1 | 0 |
_aအကျော်ဒေးယျ ဗုဒ္ဓသမီးတော်များ _cသုခ။ |
| 250 | _aပဉ္စမအကြိမ်။ | ||
| 260 |
_aရန်ကုန် ၊ _bတက်လမ်းစာပေ၊ _c၁၉၉၈။ |
||
| 300 |
_a၂၁၉ စာမျက်နှာ ၊ _c၁၈ စင်တီ။ |
||
| 500 | _aS-SAT: Dr. Sai Aung Tun | ||
| 650 |
_aဗုဒ္ဓသမီးတော်များ _xအတ္ထုပ္ပတ္တိ _945688 |
||
| 942 |
_2ddc _cBK1 |
||
| 999 |
_c36942 _d36942 |
||